000 00513nam a2200181Ia 4500
003 GCL
008 140319s9999 xx 000 0 eng d
040 _aGCL /
_cGCL
082 0 4 _a749.2
_bG N
100 1 _aGROTH, HAKAN
245 1 0 _aNEO CLASSICISM IN THE NORTH: SWIDISH FURNITURE AND INTERIORS 1770_1850 /
_cGROTH, HAKAN
260 _a[S.N] :
_bTHAMES AND HUDSON ،
_c1994
300 _a224
650 0 4 _aINTERIOR DECORATION
650 0 4 _aFURNITURE DESIGN - HISTORY
650 0 4 _aSWEDEN
942 _2ddc
_cBK
999 _c24163
_d24163